01192nam a2200277 a 450000100060000000300080000600500170001400800410003103500190007204000270009104100080011808200300012610000490015624501100020526000500031530000260036550400530039150501370044465000340058170000340061571000400064974000250068994200120071499900170072695201710074366096BD-RjUL20211209081511.0170314s1989 ii a b f001 0 eng  a(BD-RjUL)66226 aDLCcDLCdBD-RjULbeng aeng00a595.7360954223bROF 19891 aRoonwal, M. L.q(Mithan Lal),d1908-919552214aThe fauna of India and the adjacent countries.pIsoptera (termites) /cby M.L. Roonwal and O.B. Chhotani. aCalcutta :bZoological Survey of India,c1989 av. :bill. ;c25 cm. aIncludes bibliographical references and indexes.0 a Vol. 1 (Introduction and families Termopsidae, Hodotermitidae, Kalotermitidae, Rhinotermitidae, Stylotermitidae and Indotermitidae) 0aTermiteszSouth Asia.91955231 aChhotani, Om Bahadur.91955242 aZoological Survey of India.91947390 aIsoptera (termites). 2ddccBK c66096d66096 00102ddc40718NFICaRUCLbRUCLcReadingd1996-05-14eCultural Centure of Island pub.g120.00l0o595.7360954 ROF V-1 1989r2017-03-14 00:00:00tC-1w2017-03-14yBK